[Event "Speed Chess Q2 Sw"]
[Site "Chess.com INT"]
[Date "2023.08.23"]
[Round "10"]
[White "Gomes, Luiz Alexandre"]
[Black "Iskusnyh, Sergei"]
[Result "1-0"]
[WhiteElo "2254"]
[BlackElo "2440"]
[PlyCount "129"]
[EventDate "2023.08.23"]
[EventType "swiss (blitz)"]
[EventRounds "14"]
[EventCountry "USA"]
[SourceTitle "CBM 215 Extra"]
[Source "ChessBase"]
[SourceDate "2023.09.30"]
[SourceVersion "1"]
[SourceVersionDate "2023.09.30"]
[SourceQuality "1"]

1. e4 e6 2. d3 c5 3. Nd2 Nc6 4. Ngf3 g6 5. c3 Bg7 6. g3 d6 7. Bg2 Nge7 8. 0-0 0-0 9. Qc2 Rb8 10. Re1 b5 11. Nf1 b4 12. Bd2 bxc3 13. bxc3 Ba6 14. Ne3 d5 15. exd5 exd5 16. Ng4 h5 17. Nge5 Qa5 18. Nd7 Rfd8 19. Nxb8 Rxb8 20. Rab1 Rc8 21. Bh3 Rd8 22. Bf1 Bc8 23. c4 Qc7 24. cxd5 Rxd5 25. Bg2 Bf5 26. Bf1 Qd7 27. Be3 Bxd3 28. Bxd3 Rxd3 29. Qxc5 Rd5 30. Qc2 Nf5 31. Bf4 Nfd4 32. Nxd4 Nxd4 33. Qe4 Kh7 34. Kg2 h4 35. gxh4 Nf5 36. Bg3 Rd4 37. Qf3 Rxh4 38. Rb7 Qd2 39. Re2 Qd4 40. Rxf7 Rg4 41. Rxf5 gxf5 42. Qxf5+ Rg6 43. Re6 Qg4 44. Qxg6+ Qxg6 45. Rxg6 Kxg6 46. Kf3 Kf5 47. h4 a6 48. Ke3 Bh6+ 49. Kd3 Kg4 50. Kc4 Bd2 51. a4 a5 52. Kd5 Bc3 53. Ke6 Bd2 54. Kf6 Kh5 55. Kf5 Bc3 56. f4 Bd2 57. Bf2 Bc3 58. Ke6 Bd2 59. f5 Kh6 60. f6 Kg6 61. h5+ Kxh5 62. f7 Bb4 63. Be3 Kg6 64. Bf4 Kg7 65. Bg5 1-0

[Event "Catas Altas Caraca op 4th"]
[Site "Catas Altas"]
[Date "2023.03.11"]
[Round "4"]
[White "Leitao, Rafael Duailibe"]
[Black "Gomes, Luiz Alexandre"]
[Result "1-0"]
[WhiteElo "2592"]
[BlackElo "2285"]
[PlyCount "57"]
[EventDate "2023.03.11"]
[EventType "swiss (rapid)"]
[EventRounds "7"]
[EventCountry "BRA"]
[SourceTitle "CBM 213 Extra"]
[Source "ChessBase"]
[SourceDate "2023.05.31"]
[SourceVersion "1"]
[SourceVersionDate "2023.05.31"]
[SourceQuality "1"]

1. c4 e6 2. Nf3 d5 3. g3 Nf6 4. Bg2 Be7 5. 0-0 c6 6. d4 b6 7. Qc2 Bb7 8. Nbd2 Nbd7 9. e4 dxe4 10. Nxe4 Nxe4 11. Qxe4 Nf6 12. Qc2 0-0 13. Rd1 Qc8 14. c5 Rd8 15. Be3 h6 16. Ne5 Nd5 17. Bd2 Qc7 18. Re1 Bf6 19. Rac1 bxc5 20. Qxc5 Be7 21. Qc2 Rac8 22. Bh3 Rd6 23. Nc4 Rdd8 24. Rxe6 Bf6 25. Ba5 Nb6 26. Rxf6 gxf6 27. Bxc8 Rxc8 28. Qf5 Qe7 29. Re1 1-0

[Event "Catas Altas op 3rd"]
[Site "Catas Altas"]
[Date "2022.07.10"]
[Round "6"]
[White "Gomes, Luiz Alexandre"]
[Black "Campos, Igor Ribeiro"]
[Result "1/2-1/2"]
[WhiteElo "2335"]
[BlackElo "2197"]
[PlyCount "20"]
[EventDate "2022.06.28"]
[EventType "swiss"]
[EventRounds "7"]
[EventCountry "BRA"]
[SourceTitle "EXT 2023"]
[Source "ChessBase"]
[SourceDate "2022.10.05"]
[SourceVersion "1"]
[SourceVersionDate "2022.10.05"]
[SourceQuality "1"]

1. e4 e6 2. d3 d5 3. Nd2 Nf6 4. Ngf3 Be7 5. g3 c5 6. Bg2 Nc6 7. 0-0 0-0 8. c3 b6 9. Qc2 Ba6 10. Re1 Qc7 1/2-1/2

[Event "Juiz de Fora op"]
[Site "Juiz de Fora"]
[Date "2014.09.28"]
[Round "5"]
[White "Da Silva, Wagner Afonso"]
[Black "Gomes, Luiz Alexandre"]
[Result "0-1"]
[WhiteElo "1977"]
[BlackElo "2337"]
[PlyCount "96"]
[EventDate "2014.09.26"]
[EventType "swiss"]
[EventRounds "6"]
[EventCountry "BRA"]
[SourceTitle "CBM 162 Extra"]
[Source "ChessBase"]
[SourceDate "2014.10.17"]
[SourceVersion "1"]
[SourceVersionDate "2014.10.17"]
[SourceQuality "1"]

1. Nf3 Nf6 2. d4 g6 3. g3 Bg7 4. Bg2 0-0 5. 0-0 d5 6. c3 b6 7. Re1 Bb7 8. Qc2 Nbd7 9. Bg5 h6 10. Bxf6 Nxf6 11. Nbd2 c5 12. e3 Rc8 13. Ne5 Qd6 14. Qb3 e6 15. a4 a6 16. Red1 Rfd8 17. Rac1 Rb8 18. Qc2 Qe7 19. Re1 Rdc8 20. Qd1 Qe8 21. b3 Rd8 22. Ra1 Qe7 23. Bf1 Rdc8 24. Rc1 Rc7 25. Bg2 Rbc8 26. Nb1 cxd4 27. exd4 Ne4 28. Bxe4 dxe4 29. Nc4 b5 30. Nb6 Rd8 31. a5 b4 32. Nc4 bxc3 33. Nxc3 Rxd4 34. Qc2 f5 35. Ne2 Rdd7 36. Nf4 g5 37. Ng2 Qb4 38. Nge3 Rd3 39. Rb1 f4 40. gxf4 gxf4 41. Ng2 Bd4 42. Nxf4 Rg7+ 43. Ng2 e3 44. Ncxe3 Rxe3 45. Rxe3 Bxe3 46. Kf1 Bxg2+ 47. Ke2 Bg5 48. Qc8+ Kh7 0-1

[Event "Mineiro-ch"]
[Site "Belo Horizonte"]
[Date "2012.12.02"]
[Round "6"]
[White "Gomes, Luiz Alexandre"]
[Black "Melo Reda, Caique"]
[Result "1-0"]
[WhiteElo "2344"]
[BlackElo "1891"]
[PlyCount "65"]
[EventDate "2012.11.30"]
[EventType "swiss"]
[EventRounds "7"]
[EventCountry "BRA"]
[SourceTitle "EXT 2014"]
[Source "ChessBase"]
[SourceDate "2013.11.20"]
[SourceVersion "1"]
[SourceVersionDate "2013.11.20"]
[SourceQuality "1"]

1. c4 Nf6 2. g3 e6 3. Bg2 d5 4. Nf3 Be7 5. 0-0 0-0 6. b3 b6 7. Bb2 Bb7 8. Qc2 c5 9. cxd5 exd5 10. d4 Nbd7 11. Nc3 Ne4 12. Rfd1 Ndf6 13. e3 Nxc3 14. Bxc3 Ne4 15. Bb2 Rc8 16. dxc5 bxc5 17. Ne5 Qa5 18. Bxe4 dxe4 19. Rd7 Qb4 20. a3 Qb5 21. Rxe7 f6 22. Qc4+ Qxc4 23. Nxc4 Bc6 24. Rd1 a6 25. Rd6 Rfd8 26. Rxg7+ Kf8 27. Bxf6 Rxd6 28. Nxd6 Rb8 29. Rc7 Bd5 30. Rxc5 Be6 31. b4 Rb6 32. Nxe4 Bf5 33. Rxf5 1-0

[Event "Mineiro-ch qual"]
[Site "Belo Horizonte"]
[Date "2012.10.13"]
[Round "2"]
[White "Gomes, Luiz Alexandre"]
[Black "Ranulfo, Jose"]
[Result "1-0"]
[WhiteElo "2344"]
[BlackElo "1866"]
[PlyCount "101"]
[EventDate "2012.10.12"]
[EventType "swiss"]
[EventRounds "5"]
[EventCountry "BRA"]
[SourceTitle "EXT 2015"]
[Source "ChessBase"]
[SourceDate "2014.11.20"]
[SourceVersion "1"]
[SourceVersionDate "2014.11.20"]
[SourceQuality "1"]

1. e4 e5 2. Nf3 Nc6 3. Bb5 Nf6 4. d3 d6 5. h3 Bd7 6. c3 g6 7. Nbd2 Bg7 8. Nf1 a6 9. Ba4 0-0 10. Ng3 b5 11. Bb3 Na5 12. Bc2 c5 13. 0-0 Nc6 14. Bg5 h6 15. Be3 Qe7 16. Re1 Kh7 17. d4 cxd4 18. cxd4 Rfd8 19. d5 Nb4 20. Bb1 a5 21. a3 Na6 22. Bb6 Rdc8 23. Bxa5 Nc5 24. Bb4 Na4 25. Qd2 Ne8 26. b3 Nb6 27. Bd3 Nc7 28. Rac1 h5 29. Qe2 h4 30. Nf1 Bh6 31. Ne3 Bf4 32. Rc2 Ra7 33. Rec1 Kg7 34. Rc6 Bxc6 35. Rxc6 Nd7 36. Rxd6 Qe8 37. Nxh4 Nf6 38. g3 Bg5 39. Nhf5+ gxf5 40. Nxf5+ Kh8 41. h4 Bxh4 42. Nxh4 Ne6 43. dxe6 Rc1+ 44. Kg2 fxe6 45. Qd2 Rcc7 46. Qh6+ Nh7 47. Bxb5 Qa8 48. Rxe6 Qxe4+ 49. Kh2 Ra8 50. Bd6 Rc2 51. Bxe5+ 1-0

[Event "Varginha op"]
[Site "Varginha"]
[Date "2008.07.02"]
[Round "?"]
[White "Caldeira, Adriano"]
[Black "Gomes, Luiz Alexandre"]
[Result "1-0"]
[WhiteElo "2288"]
[BlackElo "2345"]
[PlyCount "86"]
[EventDate "2008.05.22"]
[EventType "swiss"]
[EventRounds "7"]
[EventCountry "BRA"]
[SourceTitle "EXT 2022"]
[Source "ChessBase"]
[SourceDate "2021.10.06"]
[SourceVersion "1"]
[SourceVersionDate "2021.10.06"]
[SourceQuality "1"]

1. e4 c5 2. Nf3 e6 3. d4 cxd4 4. Nxd4 Nf6 5. Nc3 Qc7 6. g3 a6 7. Bg2 Nc6 8. 0-0 Nxd4 9. Qxd4 Bc5 10. Bf4 d6 11. Qd2 e5 12. Bg5 Be6 13. Bxf6 gxf6 14. Nd5 Bxd5 15. Qxd5 Qc6 16. Qd3 Ke7 17. c3 a5 18. Rfc1 Qb6 19. Rc2 h5 20. h4 Rag8 21. Bf1 Rg4 22. Bh3 Rg7 23. Kg2 Rhg8 24. Rd2 Bxf2 25. Rxf2 Rxg3+ 26. Qxg3 Rxg3+ 27. Kxg3 Qe3+ 28. Rf3 Qxe4 29. Raf1 Qg6+ 30. Kh2 e4 31. Rxf6 Qxf6 32. Rxf6 Kxf6 33. Kg3 Ke5 34. Bf1 b6 35. Be2 d5 36. Bd1 f5 37. Bxh5 f4+ 38. Kf2 b5 39. Be2 b4 40. h5 bxc3 41. bxc3 d4 42. cxd4+ Kxd4 43. h6 Kc3 1-0

[Event "Varginha op"]
[Site "Varginha"]
[Date "2008.05.23"]
[Round "3.3"]
[White "Abdalla, Luiz Guilherme"]
[Black "Gomes, Luiz Alexandre"]
[Result "0-1"]
[WhiteElo "2022"]
[BlackElo "2345"]
[PlyCount "74"]
[EventDate "2008.05.22"]
[EventType "swiss"]
[EventRounds "7"]
[EventCountry "BRA"]
[SourceTitle "EXT 2022"]
[Source "ChessBase"]
[SourceDate "2021.10.06"]
[SourceVersion "1"]
[SourceVersionDate "2021.10.06"]
[SourceQuality "1"]

1. c4 Nf6 2. Nc3 e6 3. d4 d5 4. cxd5 exd5 5. Bg5 Be7 6. Qc2 0-0 7. e3 c6 8. Bd3 Nbd7 9. Nf3 Re8 10. 0-0 Nf8 11. Rab1 Be6 12. b4 N6d7 13. Bf4 Rc8 14. Na4 b5 15. Nc5 Nxc5 16. dxc5 Bf6 17. Nd4 Bd7 18. Rbd1 g6 19. Nb3 Ne6 20. Bd6 Ng7 21. e4 dxe4 22. Bxe4 Nf5 23. Bf4 Qe7 24. Rfe1 Be6 25. Na5 Bd5 26. f3 Bd4+ 27. Kh1 Bg7 28. Qd2 Bxe4 29. Rxe4 Qh4 30. Nxc6 Rxe4 31. fxe4 Rxc6 32. Qd8+ Bf8 33. g3 Nxg3+ 34. Bxg3 Qxe4+ 35. Kg1 Qxb4 36. Bd6 Qg4+ 37. Kf2 Qf5+ 0-1

[Event "Varginha-ch"]
[Site "Varginha"]
[Date "2007.01.17"]
[Round "8"]
[White "Castelo, Branco Nelson"]
[Black "Gomes, Luiz Alexandre"]
[Result "0-1"]
[WhiteElo "2153"]
[BlackElo "2331"]
[PlyCount "84"]
[EventDate "2007.01.13"]
[EventType "tourn"]
[EventRounds "11"]
[EventCountry "BRA"]
[SourceTitle "EXT 2022"]
[Source "ChessBase"]
[SourceDate "2021.10.06"]
[SourceVersion "1"]
[SourceVersionDate "2021.10.06"]
[SourceQuality "1"]

1. e4 c5 2. Nf3 e6 3. d4 cxd4 4. Nxd4 Nc6 5. Nc3 Qc7 6. Be3 a6 7. a3 Nf6 8. Be2 Be7 9. Qd2 0-0 10. g4 d6 11. g5 Nd7 12. f4 b5 13. Nxc6 Qxc6 14. Bf3 Nb6 15. Bxb6 Qxb6 16. f5 Rd8 17. 0-0-0 Rb8 18. f6 Bf8 19. Ne2 a5 20. h4 b4 21. a4 b3 22. c3 Qc6 23. Kb1 Qxa4 24. Nc1 Bb7 25. Qg2 Kh8 26. Rd4 Qb5 27. Be2 Qb6 28. g6 fxg6 29. h5 g5 30. Qxg5 gxf6 31. Qh4 Be7 32. Rf1 e5 33. Rd5 Bxd5 34. exd5 Qb7 35. Qe4 Rf8 36. Bd3 Rf7 37. h6 Bf8 38. Qh4 f5 39. Rxf5 Rxf5 40. Bxf5 Qf7 41. Qg5 Be7 42. Qg4 Rg8 0-1

[Event "Varginha-ch"]
[Site "Varginha"]
[Date "2007.01.14"]
[Round "3"]
[White "Barbosa, Evandro Amorim"]
[Black "Gomes, Luiz Alexandre"]
[Result "1-0"]
[WhiteElo "2121"]
[BlackElo "2331"]
[PlyCount "39"]
[EventDate "2007.01.13"]
[EventType "tourn"]
[EventRounds "11"]
[EventCountry "BRA"]
[SourceTitle "EXT 2022"]
[Source "ChessBase"]
[SourceDate "2021.10.06"]
[SourceVersion "1"]
[SourceVersionDate "2021.10.06"]
[SourceQuality "1"]

1. e4 c5 2. c3 Nf6 3. e5 Nd5 4. d4 e6 5. Nf3 Nc6 6. c4 Nc7 7. d5 exd5 8. cxd5 Nb4 9. Bg5 f6 10. exf6 gxf6 11. Ne5 Qe7 12. Qh5+ Kd8 13. Bxf6 Qxf6 14. Nf7+ Ke8 15. Nxh8+ Ke7 16. d6+ Kxd6 17. Na3 Qe5+ 18. Be2 Nd3+ 19. Kf1 Qxe2+ 20. Qxe2 1-0

[Event "Varginha-ch"]
[Site "Varginha"]
[Date "2007.01.13"]
[Round "2"]
[White "Gomes, Luiz Alexandre"]
[Black "Molina, Roberto Junio Brito"]
[Result "1/2-1/2"]
[WhiteElo "2331"]
[BlackElo "2336"]
[PlyCount "57"]
[EventDate "2007.01.13"]
[EventType "tourn"]
[EventRounds "11"]
[EventCountry "BRA"]
[SourceTitle "EXT 2022"]
[Source "ChessBase"]
[SourceDate "2021.10.06"]
[SourceVersion "1"]
[SourceVersionDate "2021.10.06"]
[SourceQuality "1"]

1. g3 d5 2. Bg2 Nf6 3. Nf3 e6 4. 0-0 Be7 5. b3 0-0 6. Bb2 c5 7. d4 Nc6 8. e3 cxd4 9. Nxd4 Nxd4 10. Bxd4 b6 11. Nd2 Bb7 12. c4 Rc8 13. Rc1 Ba8 14. Qe2 dxc4 15. Bxa8 Rxa8 16. Nxc4 Qd5 17. Rfd1 Qb7 18. Bxf6 Bxf6 19. Nd6 Qe7 20. Qa6 Rfd8 21. Nb5 Rxd1+ 22. Rxd1 g6 23. Rc1 Qd7 24. a4 h5 25. h4 Be5 26. a5 bxa5 27. Qxa5 Qd5 28. Qa6 Kg7 29. Nc7 1/2-1/2

[Event "Mineiro-ch"]
[Site "Varginha"]
[Date "2006.01.??"]
[Round "10"]
[White "Gomes, Luiz Alexandre"]
[Black "Machado, Gilmar Dias"]
[Result "1-0"]
[WhiteElo "2278"]
[BlackElo "2001"]
[PlyCount "65"]
[EventDate "2006.01.13"]
[EventType "tourn"]
[EventRounds "11"]
[EventCountry "BRA"]
[SourceTitle "EXT 2022"]
[Source "ChessBase"]
[SourceDate "2021.10.06"]
[SourceVersion "1"]
[SourceVersionDate "2021.10.06"]
[SourceQuality "1"]

1. c4 c6 2. Nf3 Nf6 3. g3 d5 4. Bg2 e6 5. 0-0 Bd6 6. d4 0-0 7. Nc3 Re8 8. b3 Nbd7 9. Bb2 Qe7 10. e3 Ba3 11. Bxa3 Qxa3 12. Rc1 Qa5 13. Qd2 Qd8 14. Rfd1 Rb8 15. Qc2 Nf8 16. e4 dxe4 17. Nxe4 Nxe4 18. Qxe4 Ng6 19. h4 Qa5 20. d5 cxd5 21. Rxd5 Qxa2 22. h5 Ne7 23. Rd2 Qa5 24. c5 b6 25. c6 Qxh5 26. c7 Rb7 27. Rd8 f5 28. Qh4 Qxh4 29. Nxh4 Kf7 30. Rxc8 Nxc8 31. Bxb7 g6 32. Nf3 e5 33. Nxe5+ 1-0

[Event "BRA-ch sf"]
[Site "Sao Paulo"]
[Date "2006.??.??"]
[Round "4"]
[White "Gomes, Luiz Alexandre"]
[Black "Santos, Marcus Vinicius M"]
[Result "0-1"]
[WhiteElo "2278"]
[BlackElo "2346"]
[PlyCount "77"]
[EventDate "2006.??.??"]
[EventType "swiss"]
[EventRounds "7"]
[EventCountry "BRA"]
[SourceTitle "EXT 2008"]
[Source "ChessBase"]
[SourceDate "2007.11.25"]
[SourceVersion "1"]
[SourceVersionDate "2007.11.25"]
[SourceQuality "1"]

1. e4 e5 2. Nf3 Nc6 3. Bb5 f5 4. Bxc6 dxc6 5. Nc3 Nf6 6. Qe2 Bd6 7. d3 0-0 8. h3 Qe8 9. Bd2 a5 10. exf5 Bxf5 11. g4 Bd7 12. Ng5 b5 13. Nge4 Nd5 14. Nxd5 cxd5 15. Nxd6 cxd6 16. Rf1 d4 17. f4 Bc6 18. fxe5 Rxf1+ 19. Kxf1 Qf7+ 20. Kg1 Qd5 21. Kh2 Re8 22. Rf1 Rxe5 23. Qf2 h6 24. Bxa5 Re3 25. Qf8+ Kh7 26. Qf5+ Qxf5 27. gxf5 Re2+ 28. Kg3 Rg2+ 29. Kh4 Rxc2 30. Rf4 Rxb2 31. Rxd4 Rxa2 32. Rxd6 Rxa5 33. Rxc6 Ra4+ 34. Kg3 Rd4 35. Rc3 b4 36. Rb3 h5 37. Kf3 Kh6 38. Ke3 Rh4 39. d4 0-1

[Event "BRA-ch sf"]
[Site "Sao Paulo"]
[Date "2006.??.??"]
[Round "3"]
[White "Gomes, Luiz Alexandre"]
[Black "Yano, William Jorge Froes"]
[Result "1-0"]
[WhiteElo "2278"]
[BlackElo "2146"]
[PlyCount "77"]
[EventDate "2006.??.??"]
[EventType "swiss"]
[EventRounds "7"]
[EventCountry "BRA"]
[SourceTitle "EXT 2008"]
[Source "ChessBase"]
[SourceDate "2007.11.25"]
[SourceVersion "1"]
[SourceVersionDate "2007.11.25"]
[SourceQuality "1"]

1. e4 e6 2. d3 c5 3. Nf3 Nc6 4. g3 g6 5. Bg2 Bg7 6. 0-0 Nge7 7. Nc3 0-0 8. Bg5 h6 9. Be3 Nd4 10. Qd2 Kh7 11. Ne2 Nxf3+ 12. Bxf3 b6 13. d4 c4 14. e5 Rb8 15. Nc3 Bb7 16. Bxb7 Rxb7 17. Ne4 Nf5 18. Qe2 Rc7 19. g4 Nh4 20. Nd6 Rc6 21. f4 Rxd6 22. exd6 f5 23. h3 Qa8 24. Qf2 g5 25. c3 fxg4 26. hxg4 Qd5 27. Qg3 Qxd6 28. Kh2 Qd5 29. Rf2 Kg6 30. Raf1 Rh8 31. Kg1 d6 32. Bc1 b5 33. Qe3 a5 34. f5+ exf5 35. gxf5+ Kf7 36. f6 Bf8 37. Re1 g4 38. Qe8+ Kg8 39. Re7 1-0

[Event "BRA-ch sf"]
[Site "Sao Paulo"]
[Date "2006.??.??"]
[Round "7"]
[White "Pinto, Helder Gaioso"]
[Black "Gomes, Luiz Alexandre"]
[Result "0-1"]
[WhiteElo "2285"]
[BlackElo "2278"]
[PlyCount "54"]
[EventDate "2006.??.??"]
[EventType "swiss"]
[EventRounds "7"]
[EventCountry "BRA"]
[SourceTitle "EXT 2008"]
[Source "ChessBase"]
[SourceDate "2007.11.25"]
[SourceVersion "1"]
[SourceVersionDate "2007.11.25"]
[SourceQuality "1"]

1. Nc3 c5 2. Nf3 e6 3. d4 Nf6 4. g3 d5 5. Bg2 Nc6 6. 0-0 Be7 7. e3 0-0 8. b3 b6 9. Bb2 Ba6 10. Ne2 Rc8 11. Rc1 c4 12. Nd2 cxb3 13. axb3 Nb4 14. Re1 Qd7 15. e4 Rc7 16. e5 Ne8 17. Nf4 Qc8 18. c3 Na2 19. Ra1 Nxc3 20. Bxc3 Rxc3 21. Bxd5 g5 22. Be4 gxf4 23. Bxh7+ Kxh7 24. Qh5+ Kg8 25. Qg4+ Ng7 26. Ne4 f5 27. exf6 Bxf6 0-1

[Event "BRA-ch sf"]
[Site "Sao Paulo"]
[Date "2005.12.??"]
[Round "6"]
[White "Gomes, Luiz Alexandre"]
[Black "Lucena, Lincoln"]
[Result "1-0"]
[WhiteElo "2251"]
[BlackElo "2178"]
[PlyCount "111"]
[EventDate "2005.12.08"]
[EventType "swiss"]
[EventRounds "7"]
[EventCountry "BRA"]
[SourceTitle "EXT 2022"]
[Source "ChessBase"]
[SourceDate "2021.10.06"]
[SourceVersion "1"]
[SourceVersionDate "2021.10.06"]
[SourceQuality "1"]

1. e4 c5 2. Nf3 Nc6 3. Bb5 g6 4. 0-0 Bg7 5. Nc3 Nd4 6. Nxd4 cxd4 7. Ne2 Qb6 8. Bc4 Nf6 9. d3 0-0 10. h3 d6 11. a4 Bd7 12. a5 Qc7 13. Bb3 Qc5 14. Bd2 Bb5 15. Qe1 Nd7 16. f4 b6 17. f5 bxa5 18. Rxa5 Qb6 19. fxg6 hxg6 20. Nf4 Nf6 21. Nxg6 Rfe8 22. e5 Bxd3 23. exf6 exf6 24. Qg3 Re3 25. Bxe3 dxe3 26. Ne7+ Kf8 27. Nd5 e2+ 28. Nxb6 exf1Q+ 29. Kh2 Bh6 30. Qxd6+ Kg7 31. Qg3+ Bg6 32. Nd5 Re8 33. Rxa7 Bg5 34. Qf3 Qe1 35. Ra4 Re3 36. Ra1 Qxa1 37. Nxe3 Qe1 38. Nf5+ Bxf5 39. Qxf5 Qe3 40. Qg4 f5 41. Qg3 Qxg3+ 42. Kxg3 Bc1 43. c4 Bxb2 44. c5 Kf6 45. c6 Be5+ 46. Kf3 Ke7 47. h4 Kd6 48. Ba4 Ke7 49. h5 Kf6 50. Bb3 Kg7 51. Bd5 Bc7 52. Ke3 Bb8 53. Kd3 Bc7 54. Kc4 Kf8 55. Kb5 Ke7 56. Ka6 1-0